000 00330nam a22001457a 4500
008 210310b ||||| |||| 00| 0 eng d
020 _a9780534573799
041 _aeng
080 _a159.9
082 _a159.9
100 _a48
101 _aPSI
245 _aCounseling Adolsecents and Children
_cPledge,D.S
942 _2udc
_cBK
999 _c56224
_d56224